000
00221nam a2200097 a 4500
005
20140414132050.0
008
110330s19uu xx 00 eng d
050
_a
P
_b
WE
245
_a
We are the Filipinos.
999
_c
114135
_d
114135